Cinema di Hollywood (Il) (Record n. 93264)

Dettagli MARC
000 -LEADER
fixed length control field 01365nam a2200313Ia 4500
001 - CONTROL NUMBER
control field B6137
003 - CONTROL NUMBER IDENTIFIER
control field IT-RoPAU
008 - FIXED-LENGTH DATA ELEMENTS--GENERAL INFORMATION
fixed length control field 130308s9999 xx 000 0 und d
040 ## - CATALOGING SOURCE
Original cataloging agency IT-RoPAU
040 ## - CATALOGING SOURCE
Transcribing agency IT-RoPAU
041 ## - LANGUAGE CODE
Language code of text/sound track or separate title ITALIANO
100 ## - MAIN ENTRY--PERSONAL NAME
Personal name Paraire Philippe
100 ## - MAIN ENTRY--PERSONAL NAME
Miscellaneous information Codice Aut. SPICS: 38938
240 ## - UNIFORM TITLE
Uniform title CINEMA DE HOLLYWOOD (LE)
240 ## - UNIFORM TITLE
Miscellaneous information Codice Tit. Orig. Spics: T2670
245 ## - TITLE STATEMENT
Title Cinema di Hollywood (Il)
245 ## - TITLE STATEMENT
Remainder of title Cinema di Hollywood (Il)
250 ## - EDITION STATEMENT
Edition statement 1a ed.
260 ## - PUBLICATION, DISTRIBUTION, ETC. (IMPRINT)
Place of publication, distribution, etc. ROMA
260 ## - PUBLICATION, DISTRIBUTION, ETC. (IMPRINT)
Name of publisher, distributor, etc. Gremese
260 ## - PUBLICATION, DISTRIBUTION, ETC. (IMPRINT)
Date of publication, distribution, etc. 1990 [1° Ed.:1990 - Ed.Ling.Originale:1989]
300 ## - PHYSICAL DESCRIPTION
Extent "272 p. (prefazione: no ; testo: 272 [pagine: 0-0])"
500 ## - GENERAL NOTE
General note Tutto su Hollywood dal 1914 Ad Oggi: Film, Registi, Attori, Generi che Hanno Fatto di Hollywood la capitale Mondiale del Cinema. 75 registi e 100 Star Presentati in Schede biografiche Ordinate Alfabeticamente. 13 Generi Cinematografici: Film Comico, Melo, Dramma, Film D'Avventura, Film Storico, Western, Film Noir Classico, giallo Moderno, Film Fantastico e del Terrore, Film di Fantascienza, Musical, Film Erotico e Pornografico, Disegno Animato. indice di 1200 Film di Cui si parla nel Volume con Aneddoti, Curiosità e informazioni Varie.
650 ## - SUBJECT ADDED ENTRY--TOPICAL TERM
Topical term or geographic name as entry element STORIA NAZIONALE DEL CINEMA
650 ## - SUBJECT ADDED ENTRY--TOPICAL TERM
Relator term Codice materia Spics: 6809
942 ## - ADDED ENTRY ELEMENTS (KOHA)
Koha item type LIBRO
957 ## -
-- 1
999 ## - SYSTEM CONTROL NUMBERS (KOHA)
-- 1
Dati di copia
Withdrawn status Lost status Damaged status Not for loan Home library Current library Date acquired Total Checkouts Full call number Date last seen Price effective from Koha item type Public note
    Buone Condizioni Not For Loan SPICS-MEDIATECA SPICS-MEDIATECA 08/03/2013   B6137 08/03/2013 08/03/2013 LIBRO Progressivo inserimento: 37549 / N. Volumi: 1 Copie: 1 / data import: 1 marzo 2013 - By Epidotti, Trombetti, Vaglietti.
CREDITS: SOCIETA' SAN PAOLO Via A.Severo, 58 - ROMA (RM) & PERIODICI SAN PAOLO SRL Via Giotto, 36 MILANO & CISF Via Giotto, 36 MILANO & EDIZIONI SAN PAOLO SRL,  Piazza Soncino, 5 CINISELLO BALSAMO (MI) -- ITALY